Estatísticas para Campeões Brasileiros de Vôlei

Clique aqui para jogar o quiz

Estatísticas Gerais

  • Esse quiz foi jogado 159 vezes
    (151 desde o último reset)
  • A pontuação média é 7 de 25

Estatísticas das Respostas

AnoTorneioEstadoCampeão% Correto
2021, 2017-13, 2011Superliga - Série AMGSada Cruzeiro
86%
1986Campeonato BrasileiroMGFiat/Minas
83%
1985-84Campeonato BrasileiroMGMinas
83%
2006, 2001-99SuperligaMGTelemig/Minas
83%
2010SuperligaSPSESI
69%
2020, 2018Superliga - Série ASPTaubaté
52%
1976Campeonato BrasileiroRJBotafogo
25%
1992Liga NacionalSPHoechst/Suzano
20%
1993Liga NacionalSPNossa Caixa/Suzano
20%
1996SuperligaSPReport/Suzano
20%
1991-89Liga NacionalSPBanespa
17%
1987Campeonato BrasileiroSPBanespa
17%
2004SuperligaSPBanespa/Mastercard
17%
2009-07, 2005SuperligaSCCimed
15%
1988Liga NacionalSPPirelli
11%
1983-82, 1980Campeonato BrasileiroSPPirelli
11%
2012Superliga - Série ARJRJX
10%
2002SuperligaRSUlbra
10%
1997SuperligaRSUlbra/Diadora
10%
1998SuperligaRSUlbra/Pepsi
10%
1981Campeonato BrasileiroRJAtlântica Boavista
9%
1978Campeonato BrasileiroSPPaulistano
8%
1995SuperligaSPOlympikus/Telesp
6%
2003SuperligaSCUnisul
6%
1994SuperligaRSFrangosul/Ginástica
5%

Distribuição das Pontuações

Percentil de Números Respondidos

Porcentagem de Pessoas com Cada Pontuação

Sua Pontuação Histórica

Você não jogou esse quiz desde o último reset